El imposible pais de los filosofos (Record no. 244)
[ view plain ]
| 000 -LEADER | |
|---|---|
| campo de control de longitud fija | 00442 a2200133 4500 |
| 020 ## - NÚMERO INTERNACIONAL ESTÁNDAR DEL LIBRO | |
| Número Internacional Estándar del Libro | 9789977679723 |
| 082 ## - NÚMERO DE LA CLASIFICACIÓN DECIMAL DEWEY | |
| Número de clasificación | 199.728.6 |
| Número de ítem | J61i |
| 100 ## - ENTRADA PRINCIPAL--NOMBRE DE PERSONA | |
| Nombre de persona | Jimenez Matarrita, Alexander |
| 9 (RLIN) | 1132 |
| 245 ## - MENCIÓN DEL TÍTULO | |
| Título | El imposible pais de los filosofos |
| 260 ## - PUBLICACIÓN, DISTRIBUCIÓN, ETC. | |
| Lugar de publicación, distribución, etc. | San Jose, Costa Rica |
| Nombre del editor, distribuidor, etc. | Ediciones Perro Azul |
| Fecha de publicación, distribución, etc. | 2002 |
| 300 ## - DESCRIPCIÓN FÍSICA | |
| Extensión | 309 p |
| Otras características físicas | ill (col) |
| Dimensiones | 21 cm |
| 650 ## - PUNTO DE ACCESO ADICIONAL DE MATERIA--TÉRMINO DE MATERIA | |
| Término de materia o nombre geográfico como elemento de entrada | filosofia costarricense |
| Subdivisión general | nacionalismo |
| Subdivisión geográfica | Costa Rica |
| 9 (RLIN) | 1133 |
| 700 ## - ENTRADA AGREGADA--NOMBRE PERSONAL | |
| Nombre de persona | Alexander Jimenez Matarrita |
| 9 (RLIN) | 1134 |
| Estatus retirado | Estado de pérdida | Fuente del sistema de clasificación o colocación | Estado de daño | No para préstamo | Biblioteca de origen | Biblioteca actual | Ubicación en estantería | Fecha de adquisición | Total de préstamos | Signatura topográfica completa | Código de barras | Visto por última vez | Precio de reemplazo | Tipo de ítem Koha |
|---|---|---|---|---|---|---|---|---|---|---|---|---|---|---|
| Clasificación Decimal Dewey | Biblioteca LadoV | Biblioteca LadoV | 23/06/2014 | 199.728.6 J61i | 000523 | 23/06/2014 | 23/06/2014 | Material 01 |
